Mathematics for the international student mathematics HL (Core) : (Record no. 282568)
[ view plain ]
| 000 -LEADER | |
|---|---|
| fixed length control field | 00677nam a22001937a 4500 |
| 003 - CONTROL NUMBER IDENTIFIER | |
| control field | OSt |
| 005 - DATE AND TIME OF LATEST TRANSACTION | |
| control field | 20150210123551.0 |
| 008 - FIXED-LENGTH DATA ELEMENTS--GENERAL INFORMATION | |
| fixed length control field | 130307t xxu||||| |||| 00| 0 eng d |
| 020 ## - INTERNATIONAL STANDARD BOOK NUMBER | |
| International Standard Book Number | 9781921972133 |
| 050 ## - LIBRARY OF CONGRESS CALL NUMBER | |
| Classification number | QA 273 |
| Item number | .M379ex 2013 |
| 100 ## - MAIN ENTRY--PERSONAL NAME | |
| Personal name | Martin, David. |
| 245 ## - TITLE STATEMENT | |
| Title | Mathematics for the international student mathematics HL (Core) : |
| Remainder of title | for use with IB diploma programme : exam preparation and practice guide / |
| Statement of responsibility, etc | David Martin, Robert Hease, Sandra Haese. |
| 260 ## - PUBLICATION, DISTRIBUTION, ETC. (IMPRINT) | |
| Place of publication, distribution, etc | Australia : |
| Name of publisher, distributor, etc | Haese and Harris Publications, |
| Date of publication, distribution, etc | 2013. |
| 300 ## - PHYSICAL DESCRIPTION | |
| Extent | 152 pages : |
| Dimensions | 26 cm. |
| Other physical details | illustrations ; |
| 562 ## - COPY AND VERSION IDENTIFICATION NOTE | |
| Number of copies | 1 |
| 650 ## - SUBJECT ADDED ENTRY--TOPICAL TERM | |
| Topical term or geographic name as entry element | Mathematics |
| General subdivision | Student. |
| 942 ## - ADDED ENTRY ELEMENTS (KOHA) | |
| Source of classification or shelving scheme | Library of Congress Classification |
| Koha item type | Books |
| Withdrawn status | Lost status | Source of classification or shelving scheme | Damaged status | Home library | Current library | Shelving location | Date acquired | Source of acquisition | Sub Shelving location | Total Checkouts | Total Renewals | Full call number | Barcode | Date last seen | Date checked out | Price effective from | Koha item type |
|---|---|---|---|---|---|---|---|---|---|---|---|---|---|---|---|---|---|
| Library of Congress Classification | Luxembourg Library | Luxembourg Library | International Baccalaureate Section | 02/10/2015 | Library Fund | 5 | 7 | QA 273 .M379ex 2013 | IB0175 | 07/07/2023 | 02/16/2023 | 02/10/2015 | Books | ||||
| Library of Congress Classification | Luxembourg Library | Luxembourg Library | Teachers Reference Section | 02/10/2015 | Library Fund | 1 | TR IB QA 273 .M379ex 2013 | IB0176 | 05/27/2015 | 05/11/2015 | 02/10/2015 | Books |